| 000 | 01906nam a2200445Ia 4500 | ||
|---|---|---|---|
| 001 | ebr10686529 | ||
| 003 | CaPaEBR | ||
| 006 | m u | ||
| 007 | cr cn||||||||| | ||
| 008 | 070423s2007 at ab sb 001 0 eng d | ||
| 020 | _z9782759207589 (ebook) | ||
| 020 | _z9782876146488 | ||
| 020 | _z1863204709 | ||
| 020 | _z9781863204705 | ||
| 040 |
_aCaPaEBR _cCaPaEBR |
||
| 035 | _a(OCoLC)225458132 | ||
| 041 | 0 |
_aeng _hfre |
|
| 050 | 1 | 4 |
_aSB451.36.O3 _bW34 2007eb |
| 100 | 1 | _aWalter, Annie. | |
| 240 | 1 | 0 |
_aJardins d'Oceanie. _lEnglish |
| 245 | 1 | 0 |
_aGardens of Oceania _h[electronic resource] / _cAnnie Walter and Vincent Lebot ; with collaboration from Chanel Sam ; English translation by Paul Ferrar. |
| 260 |
_a[Australia] : _bAustralian Government, Australian Centre for International Agricultural Research, _cc2007. |
||
| 300 |
_a326 p. : _bcol. ill., map. |
||
| 490 | 1 |
_aACIAR monograph ; _vno. 122 |
|
| 500 | _a"First published in French by IRD Editions and CIRAD as Jardins d'Oceanie ... 2003"--T.p. verso. | ||
| 500 | _a"This edition created in Australia with permission of IRD-CIRAD"--T.p. verso. | ||
| 504 | _aIncludes bibliographical references (p. 19) and indexes. | ||
| 533 |
_aElectronic reproduction. _bPalo Alto, Calif. : _cebrary, _d2013. _nAvailable via World Wide Web. _nAccess may be limited to ebrary affiliated libraries. |
||
| 650 | 0 |
_aFood crops _zOceania. |
|
| 650 | 0 |
_aAgrobiodiversity _zOceania. |
|
| 650 | 0 |
_aAgriculture _zOceania. |
|
| 655 | 7 |
_aElectronic books. _2local |
|
| 700 | 1 | _aLebot, Vincent. | |
| 700 | 1 | _aSam, Chanel. | |
| 700 | 1 |
_aFerrar, P. _q(Paul) |
|
| 710 | 2 | _aAustralian Centre for International Agricultural Research. | |
| 710 | 2 | _aebrary, Inc. | |
| 830 | 0 |
_aACIAR monograph series ; _vno. 122. |
|
| 856 | 4 | 0 |
_uhttp://site.ebrary.com/lib/rucke/Doc?id=10686529 _zAn electronic book accessible through the World Wide Web; click to view |
| 999 |
_c29555 _d29555 |
||